Money, banking and financial markets: 2024 release ISE (Record no. 396950)

MARC details
000 -LEADER
fixed length control field 00574 a2200217 4500
005 - DATE & TIME
control field 20260313120427.0
008 - FIXED-LENGTH DATA ELEMENTS--GENERAL INFORMATION
fixed length control field 260312b |||||||| |||| 00| 0 eng d
020 ## - ISBN
International Standard Book Number 978126696658
Price £ 64.99
040 ## - CATALOGING SOURCE
Original cataloging agency VIVEKANANDA LIBRARY
082 ## - DDC NUMBER
Classification number 332
Book Number C322M(2)
100 ## - MAIN ENTRY--PERSONAL NAME
Personal name Cecchetti, Stephen G
245 ## - TITLE STATEMENT
Title Money, banking and financial markets: 2024 release ISE
250 ## - EDITION STATEMENT
Edition statement 2nd
260 ## - PUBLICATION, DISTRIBUTION, ETC. (IMPRINT)
Name of publisher, distributor, etc McGraw Hill
Date of publication, distribution, etc 2024
Place of publication, distribution, etc New York
300 ## - PHYSICAL DESCRIPTION
Pages 591
650 ## - Subject
Subject Economics
650 ## - Subject
Subject Finanical Economics
650 ## - Subject
Subject Money-Banking
700 ## - Added Entry Personal Name
Added Entry Personal Name Schoenholtz, Kermit L
942 ## - ADDED ENTRY ELEMENTS (KOHA)
Koha item type Books
Holdings
Withdrawn status Lost status Source of classification or shelving scheme Damaged status Not for loan Location (home branch) Sublocation or collection (holding branch) Shelving location Date acquired Koha issues (times borrowed) Koha full call number Accession No. Koha date last seen Koha item type
    Dewey Decimal Classification     VIVEKANANDA LIBRARY VIVEKANANDA LIBRARY IMSAR Library 17/02/2026   332 C322M(2) 420832 17/02/2026 Books
© Designed and Maintained by Vivekananda Library, MDU Rohtak